| 000 | 01171cam a22003257a 4500 | ||
|---|---|---|---|
| 003 | CHAP | ||
| 005 | 20220329142405.0 | ||
| 008 | 001110d2000 mx r 00110 spa d | ||
| 010 | _a82790 | ||
| 011 | _a83762 | ||
| 035 | _a94278 | ||
| 040 | _cCHAP | ||
| 090 | _aTesis | ||
| 100 | 0 | 0 |
_aVillegas Caballero, Raúl. _9119741 |
| 245 | 1 | 0 |
_aIdentificación y caracterización de los principales centros de distribución de plantas de ornato en el Distrito Federal _c/por Raúl Villegas Caballero. |
| 260 |
_aChapingo, Méx. : _bEl autor, _c2000. |
||
| 300 |
_a100 h.: _bcuads.; gráfs. |
||
| 502 | _aTesis (Ing. Agr. Esp. en Fitotecnia) -- UACH. Departamento de Fitotecnia. | ||
| 590 |
_aALEPH _b10 _c20130110 _lUCH01 _h1439 |
||
| 590 |
_aBATCH-UPD _b10 _c20130110 _lUCH01 _h0737 |
||
| 590 |
_aBATCH-UPD _b10 _c20130410 _lUCH01 _h0419 |
||
| 590 |
_aBATCH-UPD _b10 _c20130914 _lUCH01 _h1921 |
||
| 590 |
_aCONVERSION _b10 _c20130109 _lUCH01 _h1346 |
||
| 650 | 1 | 4 |
_aPlantas ornamentales _xMercadeo. _989071 |
| 901 | _aBK | ||
| 905 | _aEdna Luz | ||
| 942 | _cFOLL | ||
| 949 |
_bBC _cTES _d33724000803425 _eTS2 _fc.2 _h37424 _i94278 _si |
||
| 949 |
_bBC _cTES _d942781 _eTS1 _h37423 _i94278 _sb |
||
| 999 |
_c82790 _d82790 |
||